000 01305nam a22003737a 4500
003 CHAP
005 20220817041157.0
008 971013s1985 r 00010 d
010 _a7984
011 _a8956
035 _a8190
040 _cCHAP
082 _a636.080913
_bD52 v.1
110 _aDiagnóstico Integral de la Ganadería Bovina en el Trópico Mexicano
_932396
245 _aProyecto 4
_b: regionalización de la producción bovina en el trópico mexicano: informe sobre recorridos de campo en el edo. de Chiapas
260 _a(México, D. F. :
_bUACH),
_c(1985)
300 _a12 h.
500 _aFotocopia
590 _aBATCH-UPD
_b10
_c20130110
_lUCH01
_h0249
590 _aBATCH-UPD
_b10
_c20130110
_lUCH01
_h1301
590 _aBATCH-UPD
_b10
_c20130409
_lUCH01
_h2320
590 _aBATCH-UPD
_b10
_c20130410
_lUCH01
_h1412
590 _aBATCH-UPD
_b10
_c20130914
_lUCH01
_h1455
590 _aCONVERSION
_b10
_c20130109
_lUCH01
_h1305
650 1 4 _aGanadería
_xChiapas.
_944668
650 1 4 _aGanadería
_xTrópicos.
_944856
650 1 4 _aGanado vacuno
_xChiapas.
_945442
650 1 4 _aGanado vacuno
_xTrópicos.
_945522
700 0 _aRomán Moguel, Arturo.
_999753
710 0 _aUACH.
901 _aBK
942 _cLIBRO
949 _a636.080913 D52 v.1
_bBC
_cUACH
_d-18353
_eUACH
_h72005
_i8190
_si
999 _c7984
_d7984